Biomolecular EPR spectroscopy /

Saved in:
Bibliographic Details
Main Author: Hagen, Wilfred Raymond
Format: Book
Language:English
Published: Boca Raton CRC Press 2009.
Subjects:
Online Access:View in OPAC
Tags: Add Tag
No Tags, Be the first to tag this record!

MARC

LEADER 00000cam a2200000 a 4500
005 20260127134116.0
008 090817s2009 flua b 001 0 eng
010 |a 2008-048857 
015 |a GBA8A9862  |2 bnb 
016 7 |a 014754636  |2 Uk 
020 |a 9781420059571 (alk. paper) 
020 |a 1420059572 (alk. paper) 
035 |a vtls009940257 
039 9 |y 200908170923  |z mschk03 
040 |a DLC  |c DLC  |d UKM  |d BTCTA  |d BAKER  |d YDXCP  |d C#P  |d CDX  |d BWX  |d DLC  |d STUSCHK1 
082 0 0 |a 538/.364  |2 22 
100 1 |a Hagen, Wilfred Raymond. 
245 1 0 |a Biomolecular EPR spectroscopy /  |c Wilfred Raymond Hagen. 
260 |a Boca Raton  |b CRC Press  |c 2009. 
300 |a xii, 249 p.  |b ill.  |c 25 cm. 
504 |a Includes bibliographical references (p. 231-239) and index. 
650 0 |a Electron paramagnetic resonance spectroscopy. 
650 0 |a Biomolecules  |x Analysis. 
906 |a 7  |b cbc  |c orignew  |d 1  |e ecip  |f 20  |g y-gencatlg 
910 |a SCHK95 
919 |a 978-1-4200-5957-1 
925 0 |a acquire  |b 2 shelf copies  |x policy default 
955 |e xh03 2008-11-13 to Dewey  |f xh14 2009-03-06 Z-CipVer  |g xh14 2009-03-06 to BCCD 
999 |c 4261  |d 4261